000 01156nam2a22002291 4500
001 rc\4314065
005 20250611153650.0
035 _a(NLR Aleph) 008261788
090 _a8401670
_c8401670
100 _a20130416d1960 |||y0rusy50 ca
101 0 _arus
102 _aRU
105 _ay z |||||
200 1 _aНормирование и оплата труда в совхозах
210 _aБарнаул
_cАлт. кн. изд-во
_d1960
461 0 _1001rc\4314062
_12001#$aВ помощь изучающим вопросы экономики совхозного производства в начальных экономических школах$eБиблиотечка$e[1-9]$v[3]
_98401653
_cБарнаул
_d1960
_nАлт. кн. изд-во
_oБиблиотечка : [1-9]
_p9 бр. в папке
_tВ помощь изучающим вопросы экономики совхозного производства в начальных экономических школах
_v[3]
700 1 _aЕвтушевский
_bГ.А.
801 0 _aRU
_bNLR
_gpsbo
801 1 _aRU
_bELAR
_2rusmarc
852 _aNLR
_j60-4/14478
942 _cBOOK
980 _aNB